[Event "Paris-ch op-B 87th"]
[Site "Paris"]
[Date "2012.07.11"]
[Round "5"]
[White "Huynh Tan, Stephane"]
[Black "Koenig, Joel"]
[Result "1-0"]
[WhiteElo "1974"]
[BlackElo "1836"]
[PlyCount "71"]
[EventDate "2012.07.07"]
[EventType "swiss"]
[EventRounds "9"]
[EventCountry "FRA"]
[SourceTitle "EXT 2013"]
[Source "ChessBase"]
[SourceDate "2012.11.22"]
[SourceVersion "1"]
[SourceVersionDate "2012.11.22"]
[SourceQuality "1"]

1. c4 Nf6 2. Nc3 e6 3. e4 Bb4 4. e5 Bxc3 5. bxc3 Ng8 6. Qg4 Ne7 7. Qxg7 Rg8 8. Qxh7 d6 9. Nf3 Nd7 10. d4 Nf8 11. Qc2 Bd7 12. g3 Bc6 13. Bg2 dxe5 14. dxe5 Qd7 15. 0-0 0-0-0 16. Nd4 Bxg2 17. Kxg2 Nc6 18. Nf3 Ng6 19. Bg5 Nce7 20. Rfe1 Qc6 21. Qe4 Qa6 22. Reb1 Rd7 23. Bxe7 Rxe7 24. Nd4 c6 25. Nb3 Qa3 26. Rd1 Nf8 27. Rd6 Rd7 28. c5 f5 29. Qd4 Rg4 30. Qd2 Rgg7 31. Rd1 f4 32. Qxf4 Rdf7 33. Qd2 Rd7 34. Qh6 Rgf7 35. Rxd7 Nxd7 36. Qxe6 1-0